000 01069nam a2200265 i 4500
001 67248
003 ES-MaACL
005 20250806062538.0
007 t|
008 040511s2004 sp ||||1| spa d
080 _a929 Mesonero Romanos, Ramón de
080 _a913(460.27 M.)"18"
100 1 _aLópez Jiménez, Luis.
_973714
245 1 0 _aMesonero Romanos ante Madrid
_b: (visión de la ciudad) /
_cpor Luis López Jiménez.
260 _aMadrid :
_bAyuntamiento de Madrid, Concejalía de Gobierno de las Artes :
_bInstituto de Estudios Madrileños,
_c2004.
300 _a24 p. ;
_c21 cm.
490 1 _aCiclo de conferencias: Don Ramón de Mesonero Romanos y su tiempo ;
_v14
500 _aPrecede al tít.: Centro Mesonero Romanos.
600 1 4 _aMesonero Romanos, Ramón de,
_d1803-1882
_980672
651 4 _aMadrid-
_xDescripción-
_yS.XIX.
_98954
710 2 _aInstituto de Estudios Madrileños
_94916
830 1 _aCiclo de conferencias: Don Ramón de Mesonero Romanos y su tiempo ;
_v14
_9183143
852 _aES-MaACL
_j2175-F-17
999 _c67248
_d67248